Olympique de Marseille - Victoires et défaites les plus larges - Statistiques

Statistiques générales
  • Ce quiz a été pris 32 fois
  • Le résultat moyen est 2 sur 12
Statistiques - réponses
Hint Date Réponse % Correct
A l'extérieur, en championnat de France, plus grande défaite 24 mai 1997 Olympique lyonnais
93%
A l'extérieur, en Coupe d'Europe, plus grande victoire 3 novembre 2010 MŠK Žilina
47%
A domicile, en championnat, plus large défaite 16 septembre 1951 AS Saint-Etienne
13%
A domicile, en Coupe d'Europe, plus large victoire 3 octobre 1973 Union Luxembourg
7%
A l'extérieur, en Coupe d'Europe, plus grande défaite 6 novembre 1973 FC Cologne
3%
A domicile, en Coupe de France, plus large défaite 20 décembre 1964 Gazélec Ajaccio
3%
A domicile, en Coupe d'Europe, plus large défaite 11 décembre 2007 Liverpool FC
3%
A domicile, en championnat, plus large victoire 4 octobre 1942 Olympique Avignon
3%
A l'extérieur, en Coupe de France, plus grande défaite 4 mars 1958 AS Nancy-Lorraine
0%
A l'extérieur, en championnat de France, plus grande victoire 19 décembre 1948 CO Roubaix-Tourcoing
0%
A l'extérieur, en Coupe de France, plus grande victoire 8 octobre 1933 Le Vigan
0%
A domicile, en Coupe de France, plus large victoire 29 octobre 1933 Stade raphaëlois
0%
Aucun quiz correspondant
Distribution des résultats
% des personnes avec chaque résultat
Percentile par nombre de réponses
Votre historique - résultats
Vous n’avez pas pris ce quiz